000 00404nam a2200133 4500
999 _c356238
_d356238
082 _aMSITE-01 KOM
100 _aKomal Farooq
245 _aEducating the-service teachers of educators as reflective practitioners
260 _aIslamabad
_bNUST-SEECS
_c2017
300 _a92p.
_eCD includes
942 _2ddc